[Event "1st FIDE OWCCCC Pools-East 2021"]
[Site "Online"]
[Date "2021.02.19"]
[Round "3.54"]
[White "Mitrovic, Aleksandar"]
[Black "Ganesan, Sankar"]
[Result "0-1"]
[WhiteElo "1730"]
[BlackElo "2265"]
[Annotator "TA"]
[PlyCount "54"]
[EventDate "2021.02.19"]
[EventType "team-tourn"]
[EventCountry "NET"]
[SourceTitle "playchess.com"]
[Source "ChessBase"]
[SourceQuality "1"]

1. e4 e5 2. Nc3 Bc5 3. Nf3 Nc6 4. Bc4 h6 5. d3 Nf6 6. Be3 Bxe3 7. fxe3 d6 8. d4 Bg4 9. h3 Bxf3 10. gxf3 exd4 11. exd4 Qe7 12. Qd3 Nb4 13. O-O-O Nxd3+ 14. cxd3 O-O-O 15. Rhe1 Nh5 16. e5 Qg5+ 17. Kc2 dxe5 18. dxe5 Nf4 19. Ne4 Qg2+ 20. Rd2 Qxf3 21. Nc5 Qxh3 22. Re4 Nd5 23. Rd4 Ne3+ 24. Kb3 Rxd4 25. Kc3 Nxc4 26. Kxd4 Nxd2 27. Kc3 Nb1+ 0-1

[Event "1st FIDE OWCCCC Pools-East 2021"]
[Site "Online"]
[Date "2021.02.19"]
[Round "3.54"]
[White "Lobo, Atul Nevil"]
[Black "Shamandalie"]
[Result "0-1"]
[WhiteElo "1539"]
[BlackElo "1652"]
[Annotator "NA RC"]
[PlyCount "58"]
[EventDate "2021.02.19"]
[EventType "team-tourn"]
[EventCountry "NET"]
[SourceTitle "playchess.com"]
[Source "ChessBase"]
[SourceQuality "1"]

1. c4 e5 2. e3 Nf6 3. Nc3 d5 4. d4 dxc4 5. Bxc4 exd4 6. exd4 Nc6 7. Nge2 Bb4 8. O-O O-O 9. Qb3 Bxc3 10. bxc3 Na5 11. Qa4 c6 12. Bd3 b5 13. Qc2 h6 14. Re1 Be6 15. Nf4 Bc4 16. Ba3 Bxd3 17. Qxd3 Re8 18. Bb4 Nc4 19. Qf3 Qd7 20. Rad1 Rxe1+ 21. Rxe1 Re8 22. Rxe8+ Qxe8 23. h3 Qe1+ 24. Kh2 Nd2 25. Qxc6 Nf1+ 26. Kg1 Ne4 27. Nd3 Qe2 28. Qxb5 Qd1 29. f3 Nfg3+ 0-1

[Event "1st FIDE OWCCCC Pools-East 2021"]
[Site "Online"]
[Date "2021.02.19"]
[Round "3.54"]
[White "Schafers, Guido"]
[Black "Kaur, Satvinder"]
[Result "1-0"]
[WhiteElo "1535"]
[BlackElo "1154"]
[Annotator "NA RC"]
[PlyCount "59"]
[EventDate "2021.02.19"]
[EventType "team-tourn"]
[EventCountry "NET"]
[SourceTitle "playchess.com"]
[Source "ChessBase"]
[SourceQuality "1"]

1. c4 e6 2. Nc3 Nf6 3. Nf3 Be7 4. g3 Nc6 5. Bg2 b6 6. O-O Bb4 7. d3 Qe7 8. a3 a5 9. axb4 Nxb4 10. Bg5 h6 11. Bd2 Bb7 12. Nb5 O-O-O 13. Qa4 Qc5 14. Bxb4 Qc6 15. Nh4 d5 16. Na7+ Kb8 17. Nxc6+ Bxc6 18. Qxc6 g5 19. Nf3 g4 20. Nh4 h5 21. Bc3 Rh6 22. b4 Kc8 23. bxa5 Rd6 24. Qb5 Nd7 25. Bb4 d4 26. Bxd6 cxd6 27. Qc6+ Kd8 28. axb6 Ne5 29. Qxd6+ Kc8 30. Qc7# 1-0

[Event "1st FIDE OWCCCC Pools-East 2021"]
[Site "Online"]
[Date "2021.02.19"]
[Round "3.54"]
[White "ustechsol-Yadav"]
[Black "Kostic, Stefan"]
[Result "0-1"]
[WhiteElo "358"]
[BlackElo "1944"]
[Annotator "TA"]
[PlyCount "50"]
[EventDate "2021.02.19"]
[EventType "team-tourn"]
[EventCountry "NET"]
[SourceTitle "playchess.com"]
[Source "ChessBase"]
[SourceQuality "1"]

1. e4 e5 2. Bc4 Nf6 3. f4 Nxe4 4. Qh5 Qf6 5. Ne2 exf4 6. d3 Nd6 7. Bd5 g6 8. Qg4 h5 9. Qf3 c6 10. Bb3 g5 11. g4 hxg4 12. Qxg4 Rh4 13. Qf3 Nf5 14. Qe4+ Be7 15. Nd2 d5 16. Qa4 Ne3 17. c4 Ng2+ 18. Kf1 Bh3 19. Nb1 f3 20. Ng3 Ne3+ 21. Kf2 Bc5 22. Re1 d4 23. Ne4 Qf4 24. Qa5 Qxh2+ 25. Kxf3 Qg2# 0-1

[Event "1st FIDE OWCCCC Pools-East 2021"]
[Site "Online"]
[Date "2021.02.19"]
[Round "3.55"]
[White "Maharana Sanjay Kumar"]
[Black "Gil Quilez, Sonia"]
[Result "0-1"]
[WhiteElo "1701"]
[BlackElo "2159"]
[Annotator "TA"]
[PlyCount "74"]
[EventDate "2021.02.19"]
[EventType "team-tourn"]
[EventCountry "NET"]
[SourceTitle "playchess.com"]
[Source "ChessBase"]
[SourceQuality "1"]

1. e4 e5 2. Nf3 Nc6 3. c3 f6 4. d4 Bd6 5. d5 Nce7 6. Bc4 h6 7. O-O f5 8. exf5 Nxf5 9. Bd3 Nge7 10. c4 O-O 11. Nc3 Nd4 12. Nxd4 exd4 13. Ne4 Be5 14. f4 Nf5 15. fxe5 Ne3 16. Qe2 Nxf1 17. Qxf1 Rxf1+ 18. Kxf1 Qf8+ 19. Kg1 d6 20. e6 b6 21. Bd2 Ba6 22. Rf1 Qe7 23. b4 Rf8 24. b5 Bb7 25. Nf2 a6 26. h3 axb5 27. cxb5 Bxd5 28. a4 Qxe6 29. Re1 Qf6 30. Ng4 Qh4 31. Be4 Be6 32. Bf3 Bxg4 33. hxg4 Qg3 34. Rf1 Kh8 35. Be1 Qe5 36. Bf2 d3 37. Re1 Qc3 0-1

[Event "1st FIDE OWCCCC Pools-East 2021"]
[Site "Online"]
[Date "2021.02.19"]
[Round "3.55"]
[White "Hartog, Bjorn"]
[Black "Sarvaiya, Harditya"]
[Result "1/2-1/2"]
[WhiteElo "1212"]
[BlackElo "1145"]
[Annotator "NA RC"]
[PlyCount "134"]
[EventDate "2021.02.19"]
[EventType "team-tourn"]
[EventCountry "NET"]
[SourceTitle "playchess.com"]
[Source "ChessBase"]
[SourceQuality "1"]

1. e4 c6 2. Nf3 d5 3. exd5 cxd5 4. d4 Nf6 5. Nc3 e6 6. Bg5 Nc6 7. Bb5 Bd7 8. Ne5 Be7 9. O-O Nxe5 10. dxe5 Bxb5 11. exf6 Bxf6 12. Bxf6 Qxf6 13. Nxb5 O-O 14. c3 a6 15. Nd4 Rac8 16. Qb3 Qe7 17. Rfe1 Rfd8 18. Nf5 Qc7 19. Qa3 exf5 20. Re7 Qc5 21. Qxc5 Rxc5 22. Rae1 Kf8 23. Rxb7 Ra5 24. a3 g6 25. h3 Rb5 26. Rxb5 axb5 27. g3 Re8 28. Kf1 Rxe1+ 29. Kxe1 Ke7 30. Ke2 Kd6 31. Kd3 Kc5 32. b4+ Kd6 33. Kd4 f6 34. f4 h6 35. Ke3 g5 36. Kf3 Kc6 37. g4 fxg4+ 38. Kxg4 Kd6 39. fxg5 hxg5 40. Kf5 Ke7 41. Kg4 Ke6 42. Kf3 Ke5 43. Ke3 f5 44. a4 f4+ 45. Kf3 bxa4 46. b5 a3 47. b6 a2 48. b7 a1=Q 49. b8=Q+ Kf5 50. Qc8+ Ke5 51. Qe8+ Kd6 52. Qd8+ Kc5 53. Qc8+ Kb5 54. Qb7+ Kc4 55. Qc6+ Kb3 56. Qb6+ Kc2 57. Qg6+ Kc1 58. Qd3 Kb2 59. Qe2+ Kb3 60. Qb5+ Kc2 61. Qe2+ Kb3 62. Qb5+ Kxc3 63. Qc5+ Kb3 64. Qxd5+ Ka3 65. Qa5+ Kb2 66. Qe5+ Kb1 67. Qe1+ Ka2 1/2-1/2

[Event "1st FIDE OWCCCC Pools-East 2021"]
[Site "Online"]
[Date "2021.02.19"]
[Round "3.56"]
[White "Baader, Matthieu"]
[Black "Suri Devender Singh"]
[Result "0-1"]
[WhiteElo "1298"]
[BlackElo "2117"]
[Annotator "TA"]
[PlyCount "44"]
[EventDate "2021.02.19"]
[EventType "team-tourn"]
[EventCountry "NET"]
[SourceTitle "playchess.com"]
[Source "ChessBase"]
[SourceQuality "1"]

1. c4 Nf6 2. Nc3 e6 3. d3 d5 4. cxd5 Nxd5 5. e4 Nxc3 6. bxc3 Be7 7. c4 O-O 8. Be2 c5 9. f4 Nc6 10. Nf3 e5 11. f5 f6 12. h4 Nd4 13. g4 b5 14. cxb5 a6 15. a4 axb5 16. Nxd4 Qxd4 17. Qb3+ Kh8 18. Bb2 Qe3 19. Qxb5 Ba6 20. Qd7 c4 21. Qxe7 cxd3 22. Ra3 Qxe2# 0-1

[Event "1st FIDE OWCCCC Pools-East 2021"]
[Site "Online"]
[Date "2021.02.19"]
[Round "3.57"]
[White "Cyfka, Karina"]
[Black "Papu"]
[Result "1-0"]
[WhiteElo "2415"]
[BlackElo "1688"]
[Annotator "TA"]
[PlyCount "69"]
[EventDate "2021.02.19"]
[EventType "team-tourn"]
[EventCountry "NET"]
[SourceTitle "playchess.com"]
[Source "ChessBase"]
[SourceQuality "1"]

1. d4 c5 2. d5 e6 3. c4 Nf6 4. Nc3 d6 5. Nf3 a6 6. a4 Be7 7. g3 O-O 8. Bg2 Qc7 9. O-O Re8 10. e4 b6 11. dxe6 Bxe6 12. Nd5 Nxd5 13. cxd5 Bg4 14. Qc2 Bf6 15. h3 Bh5 16. g4 Bg6 17. Nd2 Nd7 18. f4 Bd4+ 19. Kh1 h6 20. Nb3 Bf6 21. Be3 Re7 22. Rae1 Rae8 23. Bf2 Qb7 24. h4 Rc8 25. g5 hxg5 26. hxg5 Bd4 27. Qd2 Bxf2 28. Qxf2 f6 29. f5 Bxf5 30. exf5 fxg5 31. Rxe7 Rf8 32. Qe3 Rf7 33. Qe6 Nf8 34. Qxf7+ Kh8 35. Qxg7# 1-0

[Event "1st FIDE OWCCCC Pools-East 2021"]
[Site "Online"]
[Date "2021.02.19"]
[Round "3.57"]
[White "De Oliveira, Bernardo Lino"]
[Black "Kancharla, Kalyan K"]
[Result "1-0"]
[WhiteElo "2100"]
[BlackElo "1061"]
[Annotator "TA"]
[PlyCount "147"]
[EventDate "2021.02.19"]
[EventType "team-tourn"]
[EventCountry "NET"]
[SourceTitle "playchess.com"]
[Source "ChessBase"]
[SourceQuality "1"]

1. e4 c5 2. Nf3 g6 3. d4 cxd4 4. Nxd4 Nc6 5. c4 Nf6 6. Nc3 Bg7 7. Be3 O-O 8. Be2 d6 9. O-O Bd7 10. h3 Nxd4 11. Bxd4 Bc6 12. Bf3 Qa5 13. a3 a6 14. Nd5 Bxd5 15. exd5 b5 16. b4 Qc7 17. c5 Nd7 18. Rc1 Rac8 19. Bxg7 Kxg7 20. Qd4+ Kg8 21. Bg4 f5 22. Bd1 dxc5 23. bxc5 Nxc5 24. Re1 Qd6 25. Qh4 e5 26. dxe6 Nxe6 27. Rxc8 Rxc8 28. Bb3 Qd8 29. Bxe6+ Kg7 30. Qf4 Rc5 31. Qe3 Qe7 32. Qd4+ Kh6 33. Re3 Rc1+ 34. Kh2 Qc7+ 35. Qe5 Qxe5+ 36. Rxe5 Rc2 37. Kg3 Rc3+ 38. Re3 Rc6 39. Bb3 Rd6 40. Kf4 Rd2 41. Kf3 Rd6 42. Re6 Rd3+ 43. Re3 Rd6 44. Ke2 Rc6 45. Kd2 a5 46. Re6 Rc5 47. Rb6 a4 48. Bc2 Re5 49. Bd3 Rd5 50. Rxb5 Rd6 51. Ra5 Rb6 52. Rxa4 Rb2+ 53. Bc2 Rb6 54. Rb4 Ra6 55. a4 Ra7 56. Rb2 Rd7+ 57. Ke3 Re7+ 58. Kf4 Rd7 59. g4 Rd4+ 60. Kg3 f4+ 61. Kg2 Kg5 62. Ra2 Kh4 63. a5 f3+ 64. Kxf3 Kxh3 65. a6 Rxg4 66. a7 h5 67. Ra1 Rg2 68. a8=Q Rh2 69. Qc8+ Kh4 70. Qc4+ Kh3 71. Qe6+ Kh4 72. Qc4+ Kh3 73. Bxg6 h4 74. Bf5# 1-0

[Event "1st FIDE OWCCCC Pools-East 2021"]
[Site "Online"]
[Date "2021.02.19"]
[Round "3.57"]
[White "Kaya, Melih onur"]
[Black "The, Sanket"]
[Result "0-1"]
[WhiteElo "1256"]
[BlackElo "1425"]
[Annotator "NA RC"]
[PlyCount "86"]
[EventDate "2021.02.19"]
[EventType "team-tourn"]
[EventCountry "NET"]
[SourceTitle "playchess.com"]
[Source "ChessBase"]
[SourceQuality "1"]

1. e4 e5 2. Nf3 Nc6 3. c3 Bc5 4. d4 exd4 5. cxd4 Bb4+ 6. Bd2 Be7 7. d5 Nb4 8. a3 Na6 9. Bc4 d6 10. O-O Bg4 11. Bb5+ Bd7 12. Bd3 Nf6 13. Nc3 Nc5 14. Qe2 O-O 15. b4 Nb3 16. Rab1 Nxd2 17. Nxd2 Bg4 18. f3 Bh5 19. Rfe1 a6 20. Nf1 c5 21. Ng3 Bg6 22. Nd1 Qb6 23. bxc5 Qxc5+ 24. Qe3 Qxa3 25. Rxb7 Rfe8 26. Nf2 Bd8 27. h3 Nxd5 28. Qd4 Qa5 29. Re2 Nf4 30. Rc2 Nxd3 31. Qxd3 d5 32. Qxd5 Qe1+ 33. Nf1 h6 34. Rc6 Bh4 35. Rxg6 Qxf2+ 36. Kh1 Qxf1+ 37. Kh2 Kh7 38. Qxf7 Rg8 39. Qxg7+ Rxg7 40. Rbxg7+ Kh8 41. Rf7 Qa1 42. Rxh6+ Kg8 43. Rf4 Qe5 0-1

[Event "1st FIDE OWCCCC Pools-East 2021"]
[Site "Online"]
[Date "2021.02.19"]
[Round "3.57"]
[White "De Aragao, Marco Aurelio S Sale"]
[Black "Frey, Fabian"]
[Result "0-1"]
[WhiteElo "1051"]
[BlackElo "2106"]
[Annotator "TA"]
[PlyCount "84"]
[EventDate "2021.02.19"]
[EventType "team-tourn"]
[EventCountry "NET"]
[SourceTitle "playchess.com"]
[Source "ChessBase"]
[SourceQuality "1"]

1. e4 c5 2. Bc4 e6 3. Nf3 Nc6 4. a3 a6 5. d4 cxd4 6. Nxd4 Qc7 7. Nc3 b5 8. Bb3 Bb7 9. Be3 Nf6 10. O-O Rc8 11. e5 Qxe5 12. Nf3 Qc7 13. Qd3 Be7 14. Ng5 Ne5 15. Qe2 h6 16. Nh3 d6 17. Ba2 O-O 18. a4 b4 19. Nd1 d5 20. Bb3 Bd6 21. Bf4 Neg4 22. Bxd6 Qxd6 23. g3 e5 24. Ne3 Nxe3 25. fxe3 a5 26. Rad1 Ba6 27. c4 bxc3 28. Qc2 Bxf1 29. Rxf1 cxb2 30. Qxb2 Rfe8 31. Rd1 Qc5 32. Kf2 Ng4+ 33. Kg1 Qxe3+ 34. Kg2 Qe4+ 35. Kg1 d4 36. Rf1 Kh8 37. Bxf7 Rc2 38. Qxc2 Qxc2 39. Bxe8 Ne3 40. Rf8+ Kh7 41. Ng5+ hxg5 42. Bd7 Qg2# 0-1

[Event "1st FIDE OWCCCC Pools-East 2021"]
[Site "Online"]
[Date "2021.02.19"]
[Round "3.57"]
[White "Jana, Sandipan"]
[Black "Bemarkar, Kiran"]
[Result "0-1"]
[WhiteElo "363"]
[BlackElo "1215"]
[Annotator "NA RC"]
[PlyCount "144"]
[EventDate "2021.02.19"]
[EventType "team-tourn"]
[EventCountry "NET"]
[SourceTitle "playchess.com"]
[Source "ChessBase"]
[SourceQuality "1"]

1. e4 d5 2. exd5 Nf6 3. Bc4 Nxd5 4. Qf3 e6 5. Ne2 Nc6 6. c3 Ne5 7. Qe4 Nxc4 8. Qxc4 Bd6 9. d4 O-O 10. Nd2 a6 11. Nf3 b5 12. Qb3 Bb7 13. Qc2 h6 14. O-O Rc8 15. Ng3 c5 16. dxc5 Bxc5 17. Rd1 Qc7 18. Qe2 Nf6 19. Nd4 Rfd8 20. Be3 Rd7 21. Rac1 Rcd8 22. Nh5 Qe5 23. Nxf6+ Qxf6 24. Qg4 e5 25. Nb3 Rxd1+ 26. Rxd1 Rxd1+ 27. Qxd1 Bxe3 28. fxe3 Qg5 29. Qe2 Bd5 30. Nc5 Bc4 31. Qf2 a5 32. b3 Bd5 33. Nd3 a4 34. Nb4 Be6 35. bxa4 bxa4 36. e4 Qc1+ 37. Qf1 Qxc3 38. Qb1 a3 39. h3 Qb2 40. Qe1 Bxa2 41. Nd5 Qb1 42. Qxb1 Bxb1 43. Nc3 a2 44. Nxa2 Bxa2 45. Kf2 f6 46. Ke3 Kf7 47. g4 g6 48. h4 Ke6 49. Kd3 Bb1+ 50. Ke3 Kd6 51. Kf3 Kc5 52. Ke3 Bc2 53. h5 g5 54. Kf3 Kd4 55. Ke2 Bxe4 56. Kf2 Bd3 57. Kg3 e4 58. Kf2 e3+ 59. Ke1 Ke4 60. Kd1 Kf4 61. Ke1 Kf3 62. Kd1 Kf2 63. Kc1 Ba6 64. Kd1 e2+ 65. Kd2 e1=Q+ 66. Kc2 Bf1 67. Kb2 Bh3 68. Kc2 Bxg4 69. Kd3 Bxh5 70. Kc2 g4 71. Kd3 g3 72. Kc2 g2 0-1

[Event "1st FIDE OWCCCC Pools-East 2021"]
[Site "Online"]
[Date "2021.02.19"]
[Round "3.58"]
[White "Atkar, Sanjay"]
[Black "Kumar, Gaurav"]
[Result "1-0"]
[WhiteElo "1567"]
[BlackElo "2036"]
[Annotator "TA"]
[PlyCount "67"]
[EventDate "2021.02.19"]
[EventType "team-tourn"]
[EventCountry "NET"]
[SourceTitle "playchess.com"]
[Source "ChessBase"]
[SourceQuality "1"]

1. d4 d5 2. Bf4 Nc6 3. e3 h6 4. c3 g5 5. Bg3 Nf6 6. Nd2 h5 7. h3 Bg7 8. Bd3 g4 9. hxg4 Nxg4 10. Ngf3 Be6 11. Nh4 Bf6 12. Qf3 Bg5 13. O-O-O Qd7 14. Nb3 Rh6 15. Nc5 Qc8 16. Kb1 Rf6 17. Qe2 Bf5 18. Nf3 Bxd3+ 19. Qxd3 Bh6 20. Rxh5 b6 21. Nb3 Rg6 22. Qb5 Qe6 23. Ne5 Bxe3 24. Nxc6 Qxc6 25. Qxc6+ Rxc6 26. Rh8+ Kd7 27. Rxa8 Bxf2 28. Bxf2 Nxf2 29. Rf1 Nd3 30. Rxf7 a5 31. Nd2 Rg6 32. Kc2 Ne1+ 33. Kb3 Nxg2 34. Nf3 1-0

[Event "1st FIDE OWCCCC Pools-East 2021"]
[Site "Online"]
[Date "2021.02.19"]
[Round "3.58"]
[White "Vikram K"]
[Black "Zengaffinen-Morris, Thomas"]
[Result "1-0"]
[WhiteElo "1383"]
[BlackElo "934"]
[Annotator "NA RC"]
[PlyCount "39"]
[EventDate "2021.02.19"]
[EventType "team-tourn"]
[EventCountry "NET"]
[SourceTitle "playchess.com"]
[Source "ChessBase"]
[SourceQuality "1"]

1. d4 d5 2. Bf4 Nc6 3. e3 e6 4. c3 Nf6 5. Bd3 Bd7 6. Nf3 Ne4 7. Nbd2 f5 8. Ne5 Qe7 9. Qh5+ g6 10. Nxg6 Qg7 11. Nxh8+ Kd8 12. Nf7+ Kc8 13. Bxe4 dxe4 14. Bh6 Qg8 15. Bxf8 Qxf8 16. Qxh7 Nd8 17. Ne5 b6 18. Qxd7+ Kb8 19. Ndc4 Nb7 20. Nc6# 1-0

[Event "1st FIDE OWCCCC Pools-East 2021"]
[Site "Online"]
[Date "2021.02.19"]
[Round "3.58"]
[White "Dubey, Vineet"]
[Black "vinupradeep"]
[Result "1-0"]
[WhiteElo "1240"]
[BlackElo "1659"]
[Annotator "NA RC"]
[PlyCount "117"]
[EventDate "2021.02.19"]
[EventType "team-tourn"]
[EventCountry "NET"]
[SourceTitle "playchess.com"]
[Source "ChessBase"]
[SourceQuality "1"]

1. d4 Nf6 2. c4 e6 3. Nc3 Bb4 4. a3 Bxc3+ 5. bxc3 O-O 6. e3 b6 7. Nf3 Bb7 8. g3 Ne4 9. Bg2 Nxc3 10. Qc2 Qf6 11. Qxc3 Bxf3 12. O-O Bxg2 13. Kxg2 d6 14. e4 Nd7 15. h4 h6 16. Bb2 Rae8 17. e5 dxe5 18. dxe5 Qf5 19. Rad1 Rd8 20. Rd3 Nc5 21. Rf3 Qe4 22. Re1 Qc6 23. Qe3 Rd3 24. Qf4 Rxf3 25. Qxf3 Qxf3+ 26. Kxf3 Nd3 27. Re2 Rd8 28. Bc3 Kf8 29. Ke3 Nc1 30. Bb4+ c5 31. Rd2 Rd3+ 32. Rxd3 Nxd3 33. Kxd3 cxb4 34. axb4 Ke8 35. f4 Kd7 36. b5 Ke7 37. Ke4 f6 38. exf6+ gxf6 39. g4 Kd6 40. Kd4 Ke7 41. c5 bxc5+ 42. Kxc5 Kd7 43. h5 Kc7 44. Kc4 Kb6 45. g5 fxg5 46. fxg5 hxg5 47. h6 g4 48. h7 g3 49. h8=Q g2 50. Qg8 a5 51. bxa6 Kxa6 52. Qxe6+ Ka5 53. Qd5+ Ka6 54. Qxg2 Ka7 55. Qb2 Ka6 56. Kc5 Ka7 57. Kc6 Ka8 58. Kc7 Ka7 59. Qa2# 1-0

[Event "1st FIDE OWCCCC Pools-East 2021"]
[Site "Online"]
[Date "2021.02.19"]
[Round "3.58"]
[White "Bhagwat, Madhuri"]
[Black "Piela, Adam"]
[Result "0-1"]
[WhiteElo "800"]
[BlackElo "546"]
[Annotator "NA RC"]
[PlyCount "58"]
[EventDate "2021.02.19"]
[EventType "team-tourn"]
[EventCountry "NET"]
[SourceTitle "playchess.com"]
[Source "ChessBase"]
[SourceQuality "1"]

1. e4 e5 2. Nf3 d6 3. Bc4 Bg4 4. h3 Bh5 5. d3 a6 6. Nc3 Nf6 7. Nd5 Nxd5 8. Bxd5 c6 9. Bb3 Be7 10. Ng5 Bxg5 11. Bxg5 Qxg5 12. O-O Bxd1 13. Raxd1 O-O 14. g3 Nd7 15. h4 Qg4 16. Rde1 Nf6 17. Kh2 a5 18. f3 Qd7 19. g4 a4 20. Bc4 b5 21. Bxf7+ Rxf7 22. b3 Qe7 23. h5 h6 24. Rf2 Nxg4+ 25. fxg4 Rxf2+ 26. Kg1 Raf8 27. Rf1 Rxf1+ 28. Kg2 Qh4 29. g5 R8f2# 0-1

[Event "1st FIDE OWCCCC Pools-East 2021"]
[Site "Online"]
[Date "2021.02.19"]
[Round "3.59"]
[White "Ghosh Vinodkumar S"]
[Black "Madhuri M. Patil"]
[Result "1/2-1/2"]
[WhiteElo "1429"]
[BlackElo "1892"]
[Annotator "NA RC"]
[PlyCount "77"]
[EventDate "2021.02.19"]
[EventType "team-tourn"]
[EventCountry "NET"]
[SourceTitle "playchess.com"]
[Source "ChessBase"]
[SourceQuality "1"]

1. b3 e5 2. Bb2 Nc6 3. e3 Bc5 4. Bb5 Nge7 5. d3 d6 6. Nd2 O-O 7. Ne2 Bg4 8. h3 Bh5 9. d4 exd4 10. g4 dxe3 11. fxe3 Bg6 12. Nd4 Nxd4 13. exd4 Bb4 14. c3 Ba5 15. Qf3 c6 16. Bd3 Bxd3 17. Qxd3 Nd5 18. O-O-O Re8 19. Rhe1 Qg5 20. b4 Bb6 21. Re4 Nf4 22. Qe3 Rxe4 23. Nxe4 Ne2+ 24. Kd2 Qxe3+ 25. Kxe3 Re8 26. Kf3 d5 27. Nd6 Re7 28. Nc8 Re8 29. Nxb6 axb6 30. Rd2 Ng1+ 31. Kg2 Ne2 32. Kf3 Ng1+ 33. Kg3 Re2 34. Rxe2 Nxe2+ 35. Kf3 Ng1+ 36. Kg2 Ne2 37. Kf3 Ng1+ 38. Kg2 Ne2 39. Kf3 1/2-1/2

[Event "1st FIDE OWCCCC Pools-East 2021"]
[Site "Online"]
[Date "2021.02.19"]
[Round "3.59"]
[White "Meyer, Fredrik"]
[Black "Gurajapu, Kanchana M"]
[Result "1-0"]
[WhiteElo "1226"]
[BlackElo "937"]
[Annotator "NA RC"]
[PlyCount "65"]
[EventDate "2021.02.19"]
[EventType "team-tourn"]
[EventCountry "NET"]
[SourceTitle "playchess.com"]
[Source "ChessBase"]
[SourceQuality "1"]

1. d4 d5 2. Bf4 Bf5 3. e3 e6 4. Bd3 Bd6 5. Bg3 h6 6. Nf3 Nc6 7. c3 Nf6 8. Nbd2 a6 9. O-O O-O 10. Qb3 b5 11. Ne5 Bxe5 12. Bxf5 exf5 13. dxe5 Nh5 14. f4 Nxg3 15. hxg3 Qe7 16. Qxd5 Na5 17. Rad1 Rad8 18. Qf3 Qe6 19. b4 Nc4 20. Nxc4 Qxc4 21. Rxd8 Rxd8 22. Rd1 Rxd1+ 23. Qxd1 Qxa2 24. Qd8+ Kh7 25. Qxc7 Qb3 26. Kh2 Kg6 27. Qd6+ f6 28. e6 Qxc3 29. e7 Qxb4 30. e8=Q+ Kh7 31. Qxb4 a5 32. Qbf8 a4 33. Qh8# 1-0

[Event "1st FIDE OWCCCC Pools-East 2021"]
[Site "Online"]
[Date "2021.02.19"]
[Round "3.59"]
[White "Kaya, Burcu"]
[Black "Arun Prasad, S.."]
[Result "0-1"]
[WhiteElo "1095"]
[BlackElo "2507"]
[Annotator "TA"]
[PlyCount "84"]
[EventDate "2021.02.19"]
[EventType "team-tourn"]
[EventCountry "NET"]
[SourceTitle "playchess.com"]
[Source "ChessBase"]
[SourceQuality "1"]

1. e4 c5 2. Nf3 g6 3. Nc3 d6 4. Bc4 Nf6 5. d3 Bg7 6. Be3 a6 7. a3 O-O 8. O-O Bg4 9. h3 Bxf3 10. Qxf3 Nc6 11. Nd5 b5 12. Ba2 c4 13. dxc4 bxc4 14. Bxc4 Ne5 15. Qe2 Nxe4 16. Bf4 Nc5 17. Bxe5 Bxe5 18. Rad1 e6 19. Nc3 Bg7 20. b4 Nb7 21. Ne4 d5 22. Ng3 Qb6 23. Bb3 Nd6 24. Qg4 Rad8 25. Kh2 Qc7 26. h4 Nf5 27. Rd3 h5 28. Qf3 Nxh4 29. Qe2 Nf5 30. Kg1 Nxg3 31. Rxg3 Qb6 32. c4 Rfe8 33. cxd5 exd5 34. Qd2 Re5 35. Rd3 Qb7 36. Qf4 Kh7 37. Qxf7 Qxf7 38. Rf3 Rf5 39. Bc2 Rxf3 40. Bd1 Rxa3 41. Be2 Qe6 42. Bd3 Ra1 0-1

[Event "1st FIDE OWCCCC Pools-East 2021"]
[Site "Online"]
[Date "2021.02.19"]
[Round "3.59"]
[White "Tabor, Jacek"]
[Black "Verma, Shardul"]
[Result "0-1"]
[WhiteElo "725"]
[BlackElo "1472"]
[Annotator "NA RC"]
[PlyCount "66"]
[EventDate "2021.02.19"]
[EventType "team-tourn"]
[EventCountry "NET"]
[SourceTitle "playchess.com"]
[Source "ChessBase"]
[SourceQuality "1"]

1. e4 c5 2. d4 cxd4 3. Qxd4 Nc6 4. Qc4 g6 5. g3 Bg7 6. c3 Nf6 7. Nf3 b6 8. Bg5 O-O 9. Be2 Bb7 10. O-O Rc8 11. Qb5 Nxe4 12. Rd1 a6 13. Qc4 Ne5 14. Qd3 Nxd3 15. Bxd3 Qc7 16. Bxe7 Rfe8 17. Bb4 Nc5 18. c4 Bxf3 19. Rd2 Re1+ 20. Bf1 Ne4 21. Rd3 Be2 22. Bxe1 Bxd3 23. Bxd3 Bxb2 24. Bxe4 Bxa1 25. Nd2 Bc3 26. Nf3 Bxe1 27. Nxe1 Qxc4 28. Bb7 Rc7 29. Bf3 b5 30. a3 Qc3 31. a4 Qxe1+ 32. Kg2 Rc1 33. axb5 Qf1# 0-1

[Event "1st FIDE OWCCCC Pools-East 2021"]
[Site "Online"]
[Date "2021.02.19"]
[Round "3.59"]
[White "Mishra, Shruti"]
[Black "Singh Rohan"]
[Result "0-1"]
[WhiteElo "412"]
[BlackElo "1010"]
[Annotator "NA RC"]
[PlyCount "54"]
[EventDate "2021.02.19"]
[EventType "team-tourn"]
[EventCountry "NET"]
[SourceTitle "playchess.com"]
[Source "ChessBase"]
[SourceQuality "1"]

1. d4 d5 2. e3 Nc6 3. Nf3 Nf6 4. Nh4 e5 5. f3 e4 6. Bb5 Bd7 7. O-O Bd6 8. c3 exf3 9. gxf3 Nh5 10. b4 Qxh4 11. f4 Bh3 12. Rf3 Bg4 13. Rf2 Bxd1 14. Rf1 Qg4+ 15. Kh1 Bf3+ 16. Rxf3 Qxf3+ 17. Kg1 Qd1+ 18. Kg2 Qxc1 19. Bxc6+ bxc6 20. h3 Qb2+ 21. Kf3 Qxa1 22. Kg4 Nf6+ 23. Kg5 Qxb1 24. a3 Qg6+ 25. Kh4 Qd3 26. a4 Qxe3 27. b5 Qxf4# 0-1

[Event "1st FIDE OWCCCC Pools-East 2021"]
[Site "Online"]
[Date "2021.02.19"]
[Round "3.60"]
[White "Nair, Sanjeev"]
[Black "Tveten, Gry"]
[Result "0-1"]
[WhiteElo "2143"]
[BlackElo "1104"]
[Annotator "TA"]
[PlyCount "114"]
[EventDate "2021.02.19"]
[EventType "team-tourn"]
[EventCountry "NET"]
[SourceTitle "playchess.com"]
[Source "ChessBase"]
[SourceQuality "1"]

1. d4 Nf6 2. Nf3 d6 3. h3 Nc6 4. c3 h6 5. Bf4 e6 6. e3 Be7 7. Bd3 Bd7 8. Nbd2 d5 9. Nb3 O-O 10. O-O Ne4 11. Bxe4 dxe4 12. Nfd2 g5 13. Bh2 f5 14. Nc4 Bf6 15. Qh5 Kh7 16. Nc5 Rb8 17. Rad1 b6 18. Nxd7 Qxd7 19. Be5 Qe7 20. Bxf6 Qxf6 21. b4 b5 22. Nb2 a5 23. a3 a4 24. c4 Na7 25. Rd2 c6 26. c5 Rbd8 27. Nd1 e5 28. Nc3 exd4 29. exd4 Rxd4 30. Rxd4 Qxd4 31. Nd1 Qd3 32. h4 Rg8 33. hxg5 Rxg5 34. Qf7+ Rg7 35. Qxf5+ Kg8 36. Qe6+ Kh8 37. Qe8+ Kh7 38. Ne3 Qxa3 39. Rd1 Qxb4 40. Qxe4+ Qxe4 41. Rf1 a3 42. Ra1 b4 43. Re1 Nb5 44. f3 Qd4 45. Kf1 a2 46. Rd1 Qxe3 47. Ra1 Nc3 48. Re1 Qd3+ 49. Kg1 Qd4+ 50. Kh1 Nd5 51. Re4 a1=Q+ 52. Kh2 Qf2 53. Rg4 Qag1+ 54. Kh3 Qgxg2+ 55. Rxg2 Qxg2+ 56. Kh4 Qg3+ 57. Kh5 Qh3# 0-1

[Event "1st FIDE OWCCCC Pools-East 2021"]
[Site "Online"]
[Date "2021.02.19"]
[Round "3.60"]
[White "Sahasrabudhe, Rajesh"]
[Black "Chakraborty, Sulagna"]
[Result "1-0"]
[WhiteElo "1574"]
[BlackElo "134"]
[Annotator "NA RC"]
[PlyCount "23"]
[EventDate "2021.02.19"]
[EventType "team-tourn"]
[EventCountry "NET"]
[SourceTitle "playchess.com"]
[Source "ChessBase"]
[SourceQuality "1"]

1. e4 d5 2. e5 e6 3. d4 Bd7 4. Bd3 Nc6 5. c3 Nh6 6. Bxh6 gxh6 7. Nd2 Bg7 8. Qf3 b6 9. Ne2 a6 10. Ng3 Ne7 11. Nh5 Bf8 12. Nf6# 1-0